| 000 | 02345cam a22005054i 4500 | ||
|---|---|---|---|
| 003 | PE-LiUPU | ||
| 005 | 20250731172905.0 | ||
| 008 | 170124s2016 miu rb 001 0 eng d | ||
| 020 | _a0802873073 | ||
| 020 | _a9780802873071 | ||
| 035 | _a(Sirsi) a166405 | ||
| 040 |
_aPE-LiUPU _bspa _cPE-LiUPU _erda |
||
| 049 | _aPRUA | ||
| 082 | 0 | 4 |
_a241.962 _bB82 _223 |
| 100 | 1 |
_aBrett, Mark G., _eautor. |
|
| 245 | 1 | 0 |
_aPolitical trauma and healing : _bbiblical ethics for a postcolonial world / _cMark G. Brett. |
| 264 | 1 |
_aGrand Rapids, Michighan : _bWilliam B. Eerdmans Publishing Company, _c2016. |
|
| 300 |
_aviii, 248 páginas ; _c23 centimetros |
||
| 336 |
_atext _2rdacontent |
||
| 337 |
_aunmediated _2rdamedia |
||
| 338 |
_avolume _2rdacarrier |
||
| 504 | _aBibliografía : páginas 214-241. | ||
| 504 | _aÍndices: páginas 242-248. | ||
| 505 | 0 | _aThe ethics of conversation -- Limits and possibilities of secular theology -- Justice and postcolonial challenges -- Authors, imaginaries, and the ethics of interpretation -- Inner-biblical conversations -- Unfolding the national imaginary -- Sovereignty in the priestly tradition -- Isaiah, holiness, and justice -- Alternatives to the national tradition in Job -- Engaging the present -- Reconciliation and national sovereignties -- Undocumented immigrants, asylum seekers, and human rights -- Justice for the earth -- Economics and redemption. | |
| 526 | _aSEG42 | ||
| 526 | _aSEG41 | ||
| 526 | _aSEG40 | ||
| 526 | _aSEG39 | ||
| 526 | _aP94 | ||
| 526 | _aP87 | ||
| 526 | _aP86 | ||
| 526 | _aP85 | ||
| 526 | _aP77 | ||
| 526 | _aP76 | ||
| 526 | _aP35 | ||
| 650 | 0 | 7 |
_aÉtica cristiana _xEnseñanza bíblica. |
| 650 | 0 | 7 |
_aEl cristianismo y la política _xLa enseñanza bíblica. |
| 650 | 0 | 7 | _aTeología postcolonial. |
| 910 |
_ajck _bjvq _cjck _d20170124. |
||
| 942 |
_2ddc _cBOOK |
||
| 949 |
_a241.962 B82 _wDEWEY _c1 _i75584 _lCATALOGING _mBUL _p20.00 _r0 _sY _tBOOK _u2017-01-24 _xTEOLOGIA _zPOSGRADO TEOLOGÍA _0COMPRA _o.CIRCNOTE. El documento es de alto precio. _o.STAFF. Colección Teología |
||
| 596 | _a1 | ||
| 999 |
_a241.962 B82 _wLC _c15145 _i75584 _f2021-11-10 _g5 _lCCODEBUL1 _mBUL _p20.00 _r0 _sY _tBOOK _u2017-1-24 _xTEOLOGIA _PP85 _0COMPRA _o.STAFF. Colección Teología _d15145 |
||
| 980 |
_81 _gALBERTO SANCHEZ Responsable de Automatización |
||